| 000 | 00000nas 2200000zi 4500 |
| 001 | 9.838496 |
| 003 | CaOODSP |
| 005 | 20251126170036 |
| 006 | m o d f |
| 007 | cr cn |||||||| |
| 008 | 170619c20179999oncar p o f0 a0eng|d |
| 022 | |a2560-8924 |
| 040 | |aCaOODSP|beng|erda|cCaOODSP |
| 043 | |an-cn--- |
| 086 | 1 |aFD2-4E-PDF |
| 110 | 2 |aFinancial Transactions and Reports Analysis Centre of Canada.|eauthor, |eissuing body. |
| 222 | 0|aDepartmental results report |b(Financial Transactions and Reports Analysis Centre of Canada) |
| 245 | 10|aDepartmental results report / |cFinancial Transactions and Reports Analysis Centre of Canada. |
| 264 | 1|aOttawa, Ontario, Canada : |bFinancial Transactions and Reports Analysis Centre of Canada, |c[2017]- |
| 310 | |aAnnual |
| 336 | |atext|btxt|2rdacontent |
| 337 | |acomputer|bc|2rdamedia |
| 338 | |aonline resource|bcr|2rdacarrier |
| 362 | 1 |aBegan with: 2016/2017. |
| 500 | |aIssued also in French under title: Rapport sur les résultats ministériels. |
| 588 | |aDescription based on: 2016/2017; title from PDF cover page. |
| 588 | |aLatest issue consulted: 2024/2025. |
| 610 | 20|aFinancial Transactions and Reports Analysis Centre of Canada|xAppropriations and expenditures|vPeriodicals. |
| 650 | 0|aExpenditures, Public|vPeriodicals. |
| 655 | 7|aPeriodicals|2lcgft |
| 775 | 08|tRapport sur les résultats ministériels / |w(CaOODSP)9.838497 |
| 780 | 00|tDepartmental performance report |w(CaOODSP)9.506538 |